| 000 | 01059nac a22002891i 4500 | ||
|---|---|---|---|
| 003 | EG-ScBUE | ||
| 005 | 20260419111409.0 | ||
| 008 | 260419s1998 nyuab f 001 0 eng d | ||
| 020 | _a0816035202 (alk. paper) | ||
| 020 | _a9780816035205 | ||
| 040 |
_aEG-ScBUE _beng _erda _cEG-ScBUE _dEG-ScBUE |
||
| 082 | 0 | 4 |
_a551.489 _bALL _222 |
| 100 | 1 |
_aAllaby, Michael, _eauthor. |
|
| 245 | 1 | 0 |
_aFloods / _cMichael Allaby. |
| 264 | 1 |
_aNew York : _bFacts on File, _c[1998] |
|
| 264 | 4 | _cc1998 | |
| 300 |
_a135 pages : _billustrations, maps ; _c25 cm. |
||
| 336 |
_2rdacontent _atext _btxt |
||
| 337 |
_aunmediated _2rdamedia _bn |
||
| 338 |
_avolume _bnc _2rdacarrier |
||
| 490 | 0 | _aDangerous weather | |
| 500 | _aIncludes index. | ||
| 520 | _aPresents information on these most damaging of all natural disasters from the perspective of basic meterology and environmental science, including floodplains, aquifers, tsunamis, the cost of floods, and prevention. | ||
| 650 | 7 |
_aFloods _xJuvenile literature. _2BUEsh |
|
| 655 | _vReading book | ||
| 942 |
_cBB _2ddc |
||
| 999 |
_c6913 _d6913 |
||